000
002650000a22000970004500
100
1
_a
Horn, Friederich W.
245
1
0
_a
Paulus, das nasiräat und die nasiräer
300
_a
Vol. 39, Num. 2 (Abril, 1997), Páginas 117-137
773
0
_t
Novum Testamentum
942
_c
ANA
999
_c
56971
_d
56971